Korkunun krallığı / (Record no. 15384)

MARC details
000 -BAŞLIK
Sabit Uzunlukta Kontrol Alanı 00826nam a22002537a 4500
999 ## - SİSTEM KONTROL NUMARALARI (KOHA)
Koha Biblionumber 15384
Koha Biblioitemnumber 15384
003 - KONTROL NUMARASI IDENTIFIER
Denetim Alanı MIRAKIL
005 - SON İŞLEM TARİHİ VE ZAMANI
Denetim Alanı 20240214133941.0
008 - SABİT-BOY VERİ ELEMANLARI - GENEL BİLGİLER
Sabit Uzunlukta Kontrol Alanı 240214b tu ||||| |||| 00| 0 tur d
020 ## - ULUSLARARASI STANDART KİTAP NUMARASI
Uluslararası Standart Kitap Numarası 9754585296
040 ## - KATALOGLAMA KAYNAK
Orijinal Kataloglama Ajansı TR-AnCHP
Metne Dönüştürmek Ajansı TR-AnCHP
041 ## - DİL KODU
Metin / Ses Parça Veya Ayrı Başlığın Dil Kodu Türkçe
082 ## - DEWEY ONLU SINIFLANDIRMA NUMARASI
Sınıflandırma Numarası 811.42
Ürün Numarası İ43k 2004
090 ## - SINIFLAMA NUMARASI
Sınıflama Numarası 811.42 İ43k 2004
100 ## - ANA GİRİŞ - KİŞİSEL İSİM
Kişisel Ad İlhan, Attila
245 10 - BAŞLIK TABLOSU
Başlık Korkunun krallığı /
Sorumluluk Tablosu, Vb Attilâ İlhan.
250 ## - EDITION TABLOSU
Baskı Beyanı 1. bs.
260 ## - YAYIN, DAĞITIM, VB
Yayın, Dağıtım, Vb Yeri İstanbul :
Yayıncı, Dağıtıcı, Vs Adı Türkiye İş Bankası Kültür Yayınları,
Yayın, Dağıtım, Vb Tarihi 2004.
300 ## - FİZİKSEL TANIM
Kapsam 175 s. ;
Boyutlar 20 cm.
490 0# - SERİSİ TABLOSU
Seri Beyanı Türkiye İş Bankası Kültür Yayınları ;
Hacim / Ardışık Tanımı genel yayın: 758
490 0# - SERİSİ TABLOSU
Seri Beyanı Edebiyat dizisi ;
Hacim / Ardışık Tanımı 335
650 #0 - KONU KATMA GİRİŞ - TOPİKAL DÖNEM
9 (RLIN) 19
Topikal Süreli Veya Coğrafi Ad Giriş Elemanı Türk edebiyatı
Genel Alt Bölümü Şiir
856 ## - ELEKTRONİK YER VE ERİŞİM
Kamu Notu Dijital Nüshası için Partimizin Kütüphane Sorumlusu ile iletişime geçiniz.
942 ## - EKLENDİ GİRİŞ ELEMANLARI (KOHA)
Sınıflandırma Veya Raf Düzeni Kaynak Dewey Decimal Classification
Koha Öğesi Türü Books
Holdings
Kalıcı Konum Mevcut Konum Edinme Tarihi Toplam Check-Out'Lar Tam Çağrı Numarası Barkod Tarih Son Görülme İtibaren Geçerli Fiyatlar Koha Öğesi Türü
CHP Kütüphanesi CHP Kütüphanesi 02/14/2024   811.42 İ43k 2004 20972 02/14/2024 02/14/2024 Books